000 00216 a2200097 4500
001 18588
100 _aJafri R.A
245 _aBahadur shah zafar aur unka ahed
260 _a
_bKitab manzil
_c
090 _c13816
_d13816
942 _aNUST-CAE
_cM
_c4243
999 _c253661
_d253661